The clinician's guide to managed mental health care /

Bibliographic Details
Main Author: Winegar, Norman
Format: Book
Language:English
Published: New York : Haworth Press, [1992]
Series:Haworth marketing resources.
Subjects:

MARC

Tag First Indicator Second Indicator Subfields
LEADER 00000cam a2200000 a 4500
001 in00001248821
005 20151003085854.0
008 910611s1992 nyua b 001 0 eng
010 |a  91022226  
019 |a 28344318 
020 |a 1560242043 (alk. paper) 
020 |a 1560242051 (pbk. : alk. paper) 
035 |a (OCoLC)24065136 
035 |9 AGV2032AM 
040 |a DLC  |c DLC  |d TJM  |d NLM  |d TXA  |d UtOrBLW 
043 |a n-us--- 
049 |a TXAM 
050 0 0 |a RA790.6  |b .W55 1992 
060 0 0 |a WM 30  |b W767c 1992 
069 0 |a 9309946 
082 0 0 |a 362.2/0973  |2 20 
100 1 |a Winegar, Norman. 
245 1 4 |a The clinician's guide to managed mental health care /  |c Norman Winegar. 
264 1 |a New York :  |b Haworth Press,  |c [1992] 
264 4 |c ©1992 
300 |a ix, 347 pages :  |b illustrations ;  |c 22 cm. 
336 |a text  |b txt  |2 rdacontent 
337 |a unmediated  |b n  |2 rdamedia 
338 |a volume  |b nc  |2 rdacarrier 
490 1 |a Haworth marketing resources 
500 |a "Brief therapy reading list": pages 319-320. 
504 |a Includes bibliographical references and index. 
650 0 |a Managed mental health care  |z United States. 
650 2 |a Managed Care Programs  |x organization & administration  |z United States. 
650 2 |a Mental Health Services  |x organization & administration  |z United States. 
650 2 |a Substance-Related Disorders  |x therapy. 
830 0 |a Haworth marketing resources. 
999 |a MARS 
999 f f |s 3112a6ca-d5ca-3453-b5ca-807fa4f9ef0a  |i c27e3f22-f933-3115-9282-ba7a9d358a86  |t 0 
952 f f |p ric  |a Texas A&M University  |b Rellis Campus  |c Joint Library Facility  |d Remote Storage  |t 0  |e RA790.6 .W55 1992  |h Library of Congress classification  |i unmediated -- volume  |m A14819718510 
998 f f |a RA790.6 .W55 1992  |t 0  |l Remote Storage